000 00394nam a2200157 4500
999 _c9540
_d9540
003 OSt
005 20210702121015.0
008 210702b ||||| |||| 00| 0 eng d
020 _a9780750660778
082 _a720
_bLAW
100 _a Lawson, Bryan
245 _aHow designers think : the design process demystified
250 _a4th edition
260 _a‎ Architectural Press
942 _2ddc